<?xml version="1.0" encoding="UTF-8"?><record xmlns="http://www.loc.gov/MARC21/slim" xmlns:zs="http://docs.oasis-open.org/ns/search-ws/sruResponse">
  <leader>01574ngm a22003615a 4500</leader>
  <controlfield tag="001">11592185</controlfield>
  <controlfield tag="005">20250606174358.7</controlfield>
  <controlfield tag="007">v| ||||||</controlfield>
  <controlfield tag="008">920107s1981    xxu088            vlund  </controlfield>
  <datafield ind1=" " ind2=" " tag="035">
    <subfield code="a">11592185</subfield>
  </datafield>
  <datafield ind1=" " ind2=" " tag="906">
    <subfield code="a">0</subfield>
    <subfield code="b">ibc</subfield>
    <subfield code="c">orignew</subfield>
    <subfield code="d">u</subfield>
    <subfield code="e">ncip</subfield>
    <subfield code="f">19</subfield>
    <subfield code="g">y-movingim</subfield>
  </datafield>
  <datafield ind1=" " ind2=" " tag="010">
    <subfield code="a">   92500258 </subfield>
  </datafield>
  <datafield ind1=" " ind2=" " tag="017">
    <subfield code="a">LP42370</subfield>
    <subfield code="b">U.S. Copyright Office</subfield>
  </datafield>
  <datafield ind1=" " ind2=" " tag="035">
    <subfield code="9">(DLC)   92500258</subfield>
  </datafield>
  <datafield ind1=" " ind2=" " tag="040">
    <subfield code="a">DLC</subfield>
    <subfield code="c">DLC</subfield>
    <subfield code="e">amim</subfield>
  </datafield>
  <datafield ind1="0" ind2="0" tag="050">
    <subfield code="a">DAA 0342 (viewing copy)</subfield>
  </datafield>
  <datafield ind1="0" ind2="0" tag="050">
    <subfield code="a">DAA 0343 (viewing copy, copy 2)</subfield>
  </datafield>
  <datafield ind1="0" ind2="4" tag="245">
    <subfield code="a">The Producers /</subfield>
    <subfield code="c">Avco Embassy Film ; produced by Sydney Glazier ; directed and written by Mel Brooks.</subfield>
  </datafield>
  <datafield ind1=" " ind2=" " tag="260">
    <subfield code="a">[United States :</subfield>
    <subfield code="b">Magnetic Video,</subfield>
    <subfield code="c">1981]</subfield>
  </datafield>
  <datafield ind1=" " ind2=" " tag="300">
    <subfield code="a">1 videodisc of 1 (laser) (88 min.) :</subfield>
    <subfield code="b">sd., col. ;</subfield>
    <subfield code="c">12 in. viewing copy.</subfield>
  </datafield>
  <datafield ind1=" " ind2=" " tag="300">
    <subfield code="a">1 videodisc of 1 (laser) (88 min.) :</subfield>
    <subfield code="b">sd., col. ;</subfield>
    <subfield code="c">12 in. viewing copy, copy 2.</subfield>
  </datafield>
  <datafield ind1=" " ind2=" " tag="500">
    <subfield code="a">Copyright: Embassy Pictures Corp.; 15Nov67; LP42370.</subfield>
  </datafield>
  <datafield ind1=" " ind2=" " tag="500">
    <subfield code="a">Release date for original: 1967.</subfield>
  </datafield>
  <datafield ind1=" " ind2=" " tag="500">
    <subfield code="a">Reference source used: videodisc jacket.</subfield>
  </datafield>
  <datafield ind1="1" ind2=" " tag="511">
    <subfield code="a">Zero Mostel, Gene Wilder, Dick Shawn.</subfield>
  </datafield>
  <datafield ind1=" " ind2=" " tag="541">
    <subfield code="d">Received: 7-8-83;</subfield>
    <subfield code="3">viewing copies 1 and 2;</subfield>
    <subfield code="c">purchase, purchase order no. 0124314;</subfield>
    <subfield code="a">LC Purchase Collection.ection.</subfield>
  </datafield>
  <datafield ind1=" " ind2="7" tag="655">
    <subfield code="a">Videodiscs.</subfield>
    <subfield code="2">gmgpc</subfield>
  </datafield>
  <datafield ind1="1" ind2=" " tag="700">
    <subfield code="a">Brooks, Mel,</subfield>
    <subfield code="d">1926-</subfield>
    <subfield code="e">direction,</subfield>
    <subfield code="e">writing.</subfield>
  </datafield>
  <datafield ind1="2" ind2=" " tag="710">
    <subfield code="a">LC Purchase Collection (Library of Congress)</subfield>
    <subfield code="5">DLC</subfield>
  </datafield>
  <datafield ind1=" " ind2=" " tag="952">
    <subfield code="a">Not viewed; may be additional film and/or video material M/B/RS.</subfield>
  </datafield>
  <datafield ind1=" " ind2=" " tag="953">
    <subfield code="a">TE01</subfield>
  </datafield>
  <datafield ind1=" " ind2=" " tag="991">
    <subfield code="b">c-MP&amp;TV</subfield>
    <subfield code="h">DAA 0342 (viewing copy)</subfield>
    <subfield code="w">MUMS VM File</subfield>
  </datafield>
  <datafield ind1=" " ind2=" " tag="991">
    <subfield code="b">c-MP&amp;TV</subfield>
    <subfield code="h">DAA 0343 (viewing copy, copy 2)</subfield>
    <subfield code="w">MUMS VM File</subfield>
  </datafield>
</record>
